000 00688nam a2200205Ia 4500
003 GCL
008 140319s9999 xx 000 0 ara d
040 _aGCL /
_cGCL
082 0 4 _a671.5
_bا هـ
100 1 _aاحمد سالم الصباغ
245 1 0 _aهندسة لحام المعادن WELDING OF METALS /
_cاحمد سالم الصباغ
260 _a[S.N] :
_bدار الشروق ،
_c1987
300 _a477 ص
490 _aسلسلة المواد الهندسية وتشكيلها
_v0
650 0 4 _aاللحام
650 0 4 _aلحام المعادن
650 0 4 _aاللحام بالكهرباء
650 0 4 _aالهندسة - لحام المعادن
942 _2ddc
_cBK
999 _c38583
_d38583